<?xml version="1.0" encoding="UTF-8"?><?xml-stylesheet type="text/xsl" href="static/style.xsl"?><OAI-PMH xmlns="http://www.openarchives.org/OAI/2.0/" xmlns:xsi="http://www.w3.org/2001/XMLSchema-instance" xsi:schemaLocation="http://www.openarchives.org/OAI/2.0/ http://www.openarchives.org/OAI/2.0/OAI-PMH.xsd"><responseDate>2026-04-29T11:00:06Z</responseDate><request verb="GetRecord" identifier="oai:uvadoc.uva.es:10324/50906" metadataPrefix="marc">https://uvadoc.uva.es/oai/request</request><GetRecord><record><header><identifier>oai:uvadoc.uva.es:10324/50906</identifier><datestamp>2025-03-26T19:45:08Z</datestamp><setSpec>com_10324_6426</setSpec><setSpec>com_10324_5186</setSpec><setSpec>com_10324_29291</setSpec><setSpec>col_10324_50889</setSpec></header><metadata><record xmlns="http://www.loc.gov/MARC21/slim" xmlns:doc="http://www.lyncode.com/xoai" xmlns:xsi="http://www.w3.org/2001/XMLSchema-instance" xmlns:dcterms="http://purl.org/dc/terms/" xsi:schemaLocation="http://www.loc.gov/MARC21/slim http://www.loc.gov/standards/marcxml/schema/MARC21slim.xsd">
<leader>00925njm 22002777a 4500</leader>
<datafield tag="042" ind1=" " ind2=" ">
<subfield code="a">dc</subfield>
</datafield>
<datafield tag="720" ind1=" " ind2=" ">
<subfield code="a">Porras Gil, María Concepción</subfield>
<subfield code="e">author</subfield>
</datafield>
<datafield tag="260" ind1=" " ind2=" ">
<subfield code="c">2021</subfield>
</datafield>
<datafield tag="024" ind2=" " ind1="8">
<subfield code="a">BSAA arte; Núm. 87 (2021) pags. 391-393</subfield>
</datafield>
<datafield tag="024" ind2=" " ind1="8">
<subfield code="a">2530-6359</subfield>
</datafield>
<datafield tag="024" ind2=" " ind1="8">
<subfield code="a">1888-9751</subfield>
</datafield>
<datafield tag="024" ind2=" " ind1="8">
<subfield code="a">https://uvadoc.uva.es/handle/10324/50906</subfield>
</datafield>
<datafield tag="024" ind2=" " ind1="8">
<subfield code="a">10.24197/bsaaa.87.2021.391-393</subfield>
</datafield>
<datafield tag="024" ind2=" " ind1="8">
<subfield code="a">391</subfield>
</datafield>
<datafield tag="024" ind2=" " ind1="8">
<subfield code="a">87</subfield>
</datafield>
<datafield tag="024" ind2=" " ind1="8">
<subfield code="a">393</subfield>
</datafield>
<datafield ind1=" " ind2=" " tag="653">
<subfield code="a">Arte</subfield>
</datafield>
<datafield tag="245" ind1="0" ind2="0">
<subfield code="a">"Las mujeres y las artes: mecenas, artistas, emprendedoras, coleccionistas", de Beatriz Blasco Esquivias, Jonatan Jair López Muñoz y Sergio Ramiro Ramírez (eds.)</subfield>
</datafield>
</record></metadata></record></GetRecord></OAI-PMH>